BEYOND THE LAST BLUE MOUNTAIN AN AUDIOBO (Record no. 6814)
[ view plain ]
| 000 -LEADER | |
|---|---|
| fixed length control field | 00343nam a2200133Ia 4500 |
| 008 - FIXED-LENGTH DATA ELEMENTS--GENERAL INFORMATION | |
| fixed length control field | 240624s9999 xx 000 0 und d |
| 041 ## - LANGUAGE CODE | |
| Language code of text/sound track or separate title | eng |
| 082 ## - DEWEY DECIMAL CLASSIFICATION NUMBER | |
| Classification number | 920 LAL |
| 100 ## - MAIN ENTRY--PERSONAL NAME | |
| Personal name | LALA R M |
| 245 ## - TITLE STATEMENT | |
| Title | BEYOND THE LAST BLUE MOUNTAIN AN AUDIOBO |
| 260 ## - PUBLICATION, DISTRIBUTION, ETC. | |
| Date of publication, distribution, etc. | 2007 |
| Place of publication, distribution, etc. | Chennai |
| Name of publisher, distributor, etc. | Karadi Tales Company Ltd. |
| 300 ## - PHYSICAL DESCRIPTION | |
| Extent | 43 : p. : cm. ; 25 |
| 365 ## - TRADE PRICE | |
| Currency code | RS |
| Withdrawn status | Lost status | Damaged status | Not for loan | Home library | Current library | Shelving location | Date acquired | Source of acquisition | Cost, normal purchase price | Total Holds | Full call number | Barcode | Date last seen | Copy number | Price effective from | Koha item type |
|---|---|---|---|---|---|---|---|---|---|---|---|---|---|---|---|---|
| IMTN | IMTN | Rack 42-B | 10/20/2007 | CBD | 275.00 | 2964 | 920 LAL | 6814 | 06/24/2024 | 1 | 06/24/2024 | Books |